Statistics for British Geographic Groups of Things

Click here to take the quiz!

General Stats

  • This quiz has been taken 425 times
  • The average score is 19 of 34

Answer Stats

Hint Answer % Correct
Capital CitiesLondon
100%
Cardiff
97%
Edinburgh
97%
Belfast
95%
Cambridge
92%
Oxbridge University CitiesOxford
92%
Glasgow
91%
Second CitiesBirmingham
86%
5 Largest StadiumsWembley
86%
Saint Patrick
83%
North Sea
83%
Patron SaintsSaint George
83%
Swansea
73%
Saint Andrew
73%
Irish Sea
69%
Saint David
66%
Bordering SeasAtlantic Ocean
58%
English Channel
56%
Silverstone
55%
Derry/Londonderry
55%
Old Trafford
55%
Liverpool
54%
Brands Hatch
30%
Twickenham
24%
Murrayfield
16%
Principality Stadium
8%
Most Popular Tourist AttractionsBritish Museum
4%
National Gallery
3%
British Grand Prix locationsBrooklands
2%
Aintree
2%
Tate Modern
2%
Natural History Museum
2%
Southbank Centre
0%

Score Distribution

Percentile by Number Answered

Percent of People with Each Score

Your Score History

You have not taken this quiz